Management and society

Guardat en:
Dades bibliogràfiques
Autor principal: Peters, Lynn H.
Format: Llibre
Idioma:Undetermined
Publicat: Belmont Dickenson Pub. Co. 1968
Matèries:
Etiquetes: Afegir etiqueta
Sense etiquetes, Sigues el primer a etiquetar aquest registre!
Thư viện lưu trữ: Trung tâm Học liệu Trường Đại học Cần Thơ
LEADER 00467nam a2200181Ia 4500
001 CTU_79020
008 210402s9999 xx 000 0 und d
082 |a 658.4 
082 |b P481 
100 |a Peters, Lynn H. 
245 0 |a Management and society 
245 0 |c Lynn H. Peters 
260 |a Belmont 
260 |b Dickenson Pub. Co. 
260 |c 1968 
650 |a Industries 
650 |x Social aspects 
980 |a Trung tâm Học liệu Trường Đại học Cần Thơ